Shoot segment and substrate composition in rooting of juvenile ipe-roxo mini-cuttings (Registro n. 300879)
[ somente texto ]
| 000 -LÍDER | |
|---|---|
| fixed length control field | 03436nab a2200301 i 4500 |
| 003 - CÓDIGO MARC DA AGÊNCIA CATALOGADORA | |
| Campo de controle | BR-BrBNA |
| 005 - DATA E HORA DA ÚLTIMA ATUALIZAÇÃO | |
| Campo de controle | 20240813155816.0 |
| 008 - CAMPO DE TAMANHO FIXO | |
| fixed length control field | 240813b2016 bl.mr|pooa||| 00| 0 eng | |
| 040 ## - FONTE DA CATALOGAÇÃO | |
| Agência catalogadora | BR-BrBNA |
| Idioma da catalogação | eng |
| 072 ## - CATEGORIA AGRIS | |
| Código AGRIS | F02 |
| Código do objeto | 3100 |
| 100 ## - ENTRADA PRINCIPAL - NOME PESSOAL | |
| Nome pessoal | Pimentel, Nathalia |
| 100 ## - ENTRADA PRINCIPAL - NOME PESSOAL | |
| Nome pessoal | Bisognin, Dilson Antônio |
| 100 ## - ENTRADA PRINCIPAL - NOME PESSOAL | |
| Nome pessoal | Kielse, Paula |
| 100 ## - ENTRADA PRINCIPAL - NOME PESSOAL | |
| Nome pessoal | Lencina, Kelen Haygert |
| 100 ## - ENTRADA PRINCIPAL - NOME PESSOAL | |
| Nome pessoal | Mello, Uilian Stefanello |
| 245 ## - TÍTULO PRINCIPAL | |
| Título principal | Shoot segment and substrate composition in rooting of juvenile ipe-roxo mini-cuttings |
| 500 ## - NOTA GERAL | |
| Nota geral | Publicação on-line; 22 ref.; 3 tables; Sumaries (En, Pt) |
| 942 ## - ADDED ENTRY ELEMENTS (KOHA) | |
| Koha item type | |
| 520 ## - NOTA DE RESUMO | |
| Nota de conteúdo | <br/><br/>ABSTRACT - This study aimed to evaluate the rooting capability of apical and nodal mini-cuttings of ipe-roxo (Handroanthus heptaphyllus) in different substrates. Shoots produced from ministumps were fractioned into mini-cuttings 2-cm long apical or nodal mini-cuttings and treated with 1000 mg L-1 of indolebutyric acid (IBA). Four substrate combinations were evaluated: commercial substrate composed of pine bark and vermiculite in proportions of 1:1, 2:1 and 1:2 (v /v) and commercial substrate, vermiculite and sand in the proportion of 1:1:1 (v/v). The factorial experiment utilized a completely random design, with five replicates of four mini-cuttings. Rooting, shooting and survival percentage, number and length of shoots and roots were evaluated at 60 and 90 days of growth. Commercial substrate and vermiculite are a good combination for rooting mini-cuttings of ipe-roxo. Apical and nodal mini-cuttings exhibit similar rooting behavior and both are feasible for production of ipe- roxo plantlets.<br/><br/>Key words: Handroanthus heptaphyllus, tree species, vegetative propagation and mini - clonal hedge. |
| 520 ## - NOTA DE RESUMO | |
| Nota de conteúdo | <br/><br/>RESUMO - O objetivo deste estudo foi avaliar o enraizamento de miniestacas apicais e nodais de ipê-roxo (Handroanthus heptaphyllus) em diferentes substratos. Brotos coletados de minicepas foram seccionados em miniestacas de 2cm de comprimento, classificadas em apical ou nodal e tratadas com 1000mg L-1 de ácido indolbutírico (AIB). Foram também testadas as composições de substrato comercial à base de casca de pinus e vermiculita nas proporções de 1:1; 2:1 e 1:2 (v/v) e de substrato comercial, vermiculita e areia grossa (1:1:1 v/v). O experimento foi um fatorial no delineamento inteiramente casualizado, com cinco repetições de quatro miniestacas. A porcentagem de enraizamento, de brotação e de sobrevivência, o número e comprimento de brotos e raízes foram avaliados aos 60 e 90 dias. Miniestacas de ipêroxo cultivadas em substrato comercial e vermiculita apresentam maior capacidade de enraizamento. Miniestacas apicais e nodais apresentam similar comportamento de enraizamento, podendo ambas serem utilizadas para a produção de mudas de ipê-roxo.<br/><br/>Palavras-chave: Handroanthus heptaphyllus, espécie arbórea, propagação vegetativa e minijardim clonal. |
| 650 ## - ASSUNTO - THESAGRO | |
| Cabeçalho tópico ou nome geográfico | IPÊ ROXO |
| 650 ## - ASSUNTO - THESAGRO | |
| Cabeçalho tópico ou nome geográfico | SUBSTRATO DE CULTURA |
| 650 ## - ASSUNTO - THESAGRO | |
| Cabeçalho tópico ou nome geográfico | ENRAIZAMENTO DE ESTACA |
| 650 ## - ASSUNTO - THESAGRO | |
| Cabeçalho tópico ou nome geográfico | PROPAGAÇÃO VEGETATIVA |
| 773 0# - ENTRADA ANALÍTICA | |
| Host Biblionumber | 2408 |
| Registro do item | 314928 |
| Imprenta | Santa Maria-RS Universidade Federal de Santa Maria - Centro de Ciências Rurais 1991 |
| Outro identificador | 2024-1179 |
| Título | Ciência Rural (Brazil) |
| ISSN | 0103-8478 |
| Colação | v. 46(6) p. 996-1002; (2016) |
| Número de controle de registro | BR2024001331 |
| 856 ## - ACESSO E ENDEREÇO ELETRÔNICO | |
| Identificador uniforme de recurso - URI | https://www.scielo.br/j/cr/a/QbqCQzXKyNDJsBQs9b4NQ7y/?format=pdf&lang=en |
Nenhum exemplar disponível.

BINAGRI